| 000 | 00822nam a2200229 a 4500 | ||
|---|---|---|---|
| 001 | 000011844 | ||
| 005 | 20240412074228.0 | ||
| 008 | 091028d2002 dr a r 000 0 spa d | ||
| 020 | _a9993403369 | ||
| 040 |
_aDO-SdBNP _bspa _cBNPHU |
||
| 082 |
_aRD861.44 _bC679g |
||
| 100 | 1 |
_aCoiscou Guzmán, Grey, _d1941- _924858 |
|
| 245 | 1 | 4 |
_aLas gacelas y casidas del rubio (1980-2000) : _b(poemas arabigo-andaluces) / _cGrey Coiscou Guzmán. |
| 260 |
_aSanto Domingo : _bCocolo, _c2002. |
||
| 300 |
_a94 cm. : _bil. ; _c22 cm. |
||
| 500 | _aIncluye datos biográficos de la autora en la solapa de la cubierta | ||
| 590 | _aInventariado, 2018/BT | ||
| 600 | 1 | 4 |
_aCOISCOU GUZMÁN, GREY, _d1941- _924858 |
| 650 | 0 |
_aPoesía dominicana _966 |
|
| 650 | 0 |
_aLiteratura dominicana. _967 |
|
| 910 | 4 | _aValidado. Control de calidad. MMOLINA | |
| 999 |
_c11518 _d11518 |
||